000 01867cam a22004934i 4500
003 PE-LiUPU
005 20250731173302.0
008 150625s r 000 0 d
020 _a08833684918
035 _a(Sirsi) i08833684918
040 _aPE-LiUPU
_bspa
_cPE-LiUPU
_erda
049 _aPRUA
082 0 4 _a232.12
_bR21
_221
100 1 _aRambsel, Yacov A.,
_eautor.
245 1 0 _aYeshua /
_cYacov A. Rambsel.
264 1 _aNew Kensington, PA :
_bWhitaker House,
_c1997.
300 _a171 páginas ;
_c24 centímetros
336 _atext
_2rdacontent
337 _aunmediated
_2rdamedia
338 _avolume
_2rdacarrier
504 _aIncluye referencias bibliograficas.
505 0 _aYeshua en la primera palabra. -Abraham. -Isaac. -Jacob. -José. -Los tiempos señalados de Yeshua. -Yeshuaen el primer pacto. -Las leyes de la probabilidad. -El precursor. -Castigo y bendición. -Un remanebte a salvo. -Ascendió a lo alto. -Él vino y vendrá otra vez. -La primera venida de Yeshua. -Bibliografía.
526 _aSEG42
526 _aSEG41
526 _aSEG40
526 _aSEG39
526 _aP94
526 _aP87
526 _aP86
526 _aP85
526 _aP77
526 _aP76
526 _aP35
541 _g001-0014464;
600 1 _aJesucristo
_vMesiazgo
630 _aBiblia.
_pA.T.
_xProfecías.
650 0 4 _aCriptogramas en la Biblia.
910 _baj
_csm
_d20050714
942 _2ddc
_cBOOK
949 _a232.12 R21
_wDEWEY
_c1
_i55523
_lCCODEBUL1
_mBUL
_p9.00
_r0
_sY
_tBOOK
_u2015-6-25
_xTEOLOGIA
_zUNKNOWN
_0COMPRA
_o.STAFF. Colección General
994 _aC0
_bPEPRU
596 _a1
999 _a232.12 R21
_wDEWEY
_c44400
_i55523
_d44400
_f2021-11-10
_g5
_lCCODEBUL1
_mBUL
_p9.00
_q1
_r0
_sY
_tBOOK
_u2015-6-25
_xTEOLOGIA
_zUNKNOWN
_0COMPRA
_o.STAFF. Colección General
980 _81
_gALBERTO SANCHEZ Responsable de Automatización